01209nam a2200265 4500003000400000005001700004008004100021040000700062082002600069110004000095245008700135264030200222300002200524504006900546650006200615650004800677710001900725710006900744942001500813999001500828952002500843952002500868952002500893952002500918OSt20240702134151.0240702b |||||||| |||| 00| 0 eng d cDO aF 371.33 D4411p 2020 aPhilippines Department of Education aPhilippine Multigrade Schools Monitoring and Evaluation Systems (PMS MES) handbook aPasig City, Philippines : Department of Education ; Mandaluyong City, Philippines : United Nations Children's Fund, Philippines Country Office ; Diliman, Quezon City, Philippines : Southeast Asian Ministers of Education Organization Regional Center for Educational Innovation and Technology, 2020. a259 pages ; 31 cm aIncludes bibliographical references (pages 140-141). In English. xCombination of grades Philippines Handbooks, manuals, etc vSchools Philippines Handbooks, manuals, etc aUNICEF Manila  aSEAMEO Regional Center for Educational Innovation and Technology 2ddcn0cBK c4580d4580 aDObDOpDSMSOC_00034 aDObDOpDSMSOC_00035 aDObDOpDSMSOC_00036 aDObDOpDSMSOC_00037